000
00252nam a2200109Ia 4500
008
200302s9999 xx 000 0 und d
100
_a
Vernon Gibberd
245
_a
Architecture Source Book
260
_b
Grange Books
260
_c
1997
300
_a
191 P.,
999
_c
2317
_d
2317